Normal view
MARC view
- Rida Khalid, Farhan Ali Naeem, Rana Usama Bin Tahir
Entry Personal Name
001 - CONTROL NUMBER
- control field: 10272
003 - CONTROL NUMBER IDENTIFIER
- control field: NUST
005 - DATE AND TIME OF LATEST TRANSACTION
- control field: 20180502111542.0
008 - FIXED-LENGTH DATA ELEMENTS
- fixed length control field: 180502|| aca||aabn | a|a d
040 ## - CATALOGING SOURCE
- Original cataloging agency: NUST
- Transcribing agency: NUST
100 ## - HEADING--PERSONAL NAME
- Personal name: Rida Khalid, Farhan Ali Naeem, Rana Usama Bin Tahir
670 ## - SOURCE DATA FOUND
- Source citation: Work cat.: (NUST): Rida Khalid, Farhan Ali Naeem, Rana Usama Bin Tahir, Design Modification For National Science and Technology Park (NSTP) as an Eco-friendly Building , 2017
